Prodigios en la Hispania romana. Rayos, terremotos, epidemias, eclipses

Furkejuvvon:
Bibliográfalaš dieđut
Váldodahkki: Montero, Santiago
Materiálatiipa: Dovdameahttun
Giella:eaŋgalasgiella
Almmustuhtton: Madrid, España. Guillermo Escolar Editor, 2020
Preanttus:1a.edición
Ráidu:Análisis y crítica
Fáttát:
Fáddágilkorat: Lasit fáddágilkoriid
Eai fáddágilkorat, Lasit vuosttaš fáddágilkora!

MARC

LEADER 00000 a2200000 4500
003 CL-VaPUC
005 20211018105937.0
008 210422b2020 ||||| |||| 00| 0 eng d
999 |c 432832  |d 432830 
020 |a 9788418093586 
040 |c Pontificia Universidad Católica de Valparaíso 
082 |a 936.603 MON 2020 
100 1 |a Montero, Santiago  |9 860656 
245 1 |a Prodigios en la Hispania romana.  |b  Rayos, terremotos, epidemias, eclipses 
250 |a 1a.edición  
260 |a Madrid, España.  |b Guillermo Escolar Editor,  |c 2020 
300 |a 350 páginas  
490 |a Análisis y crítica 
583 |k Cristina Rojas  |c 20210422 
651 |a Península ibérica   |x Período romano  |y 218 a.C.-415 d.C.   |v Religiosidad   |9 862984 
942 |2 ddc  |c BK 
952 |0 0  |1 0  |2 ddc  |4 0  |6 936_603000000000000_MON_2020  |7 0  |8 A  |9 578648  |a BIBHIS  |b BIBHIS  |d 2021-08-20  |e 36  |g 0.00  |i 5587948  |o 936.603 MON 2020  |p 5587948  |r 2025-01-20  |t 1  |v 0.00  |w 2021-08-20  |y BK  |k HIS